| 000 | 00568nam a22001937a 4500 | ||
|---|---|---|---|
| 003 | NUST | ||
| 005 | 20230224150237.0 | ||
| 008 | 190806b ||||| |||| 00| 0 eng d | ||
| 038 | _aMr. Noman | ||
| 082 | _a658.4 | ||
| 100 |
_aUsman, Muhammad _91812 |
||
| 245 |
_aComparative Analysis of Dove. Lux & Lifebuoy: _bA Study of Pakistan Soap Market _cMuhammad Usman. |
||
| 260 |
_aIslamabad: _bNBS - NUST, _c2016. |
||
| 300 |
_a38 p.: ill.; _c30cm. |
||
| 500 | _aHardcover. | ||
| 650 |
_aEMBA Thesis. _917645 |
||
| 700 |
_aDr. Waseem Hassan. _919129 |
||
| 942 |
_2ddc _cTHE |
||
| 999 |
_c527721 _d527721 |
||